Thi pháp văn xuôi
Nghiên cứu, phân tích các phương pháp viết loại hình tiểu thuyết trinh thám, truyện kể, các giải pháp giải quyết mâu thuẫn, tình tiết của truyện, biến đổi tự sự, diễn ngôn có tính quy chiếu, xây dựng chủ đề......
Kaydedildi:
| Yazar: | |
|---|---|
| Materyal Türü: | Kitap |
| Dil: | Undetermined |
| Baskı/Yayın Bilgisi: |
Hà Nội
Đại học Sư phạm
2008
|
| Konular: | |
| Etiketler: |
Etiketle
Etiket eklenmemiş, İlk siz ekleyin!
|
| Thư viện lưu trữ: | Trung tâm Học liệu Trường Đại học Cần Thơ |
|---|
| LEADER | 00949nam a2200205Ia 4500 | ||
|---|---|---|---|
| 001 | CTU_140759 | ||
| 008 | 210402s9999 xx 000 0 und d | ||
| 020 | |c 28000 | ||
| 082 | |a 808.3 | ||
| 082 | |b T633 | ||
| 100 | |a Todorov, Tzvetan | ||
| 245 | 0 | |a Thi pháp văn xuôi | |
| 245 | 0 | |c Tzvetan Todorov ; Dịch: Đặng Anh Đào, Lê Hồng Sâm | |
| 260 | |a Hà Nội | ||
| 260 | |b Đại học Sư phạm | ||
| 260 | |c 2008 | ||
| 520 | |a Nghiên cứu, phân tích các phương pháp viết loại hình tiểu thuyết trinh thám, truyện kể, các giải pháp giải quyết mâu thuẫn, tình tiết của truyện, biến đổi tự sự, diễn ngôn có tính quy chiếu, xây dựng chủ đề... | ||
| 650 | |a Fictions, theory of,Dostoievski,Nghiên cứu văn học | ||
| 904 | |i Hạ Nguyên | ||
| 980 | |a Trung tâm Học liệu Trường Đại học Cần Thơ | ||